[Event "Nuremberg Zabo op 14th"]
[Site "Nuremberg"]
[Date "2012.09.16"]
[Round "5"]
[White "Orwatsch, Gerhard"]
[Black "Glatz, Juergen"]
[Result "1/2-1/2"]
[WhiteElo "1994"]
[BlackElo "1886"]
[PlyCount "30"]
[EventDate "2012.09.14"]
[EventType "swiss"]
[EventRounds "5"]
[EventCountry "GER"]
[SourceTitle "EXT 2018"]
[Source "ChessBase"]
[SourceDate "2017.10.13"]
[SourceVersion "1"]
[SourceVersionDate "2017.10.13"]
[SourceQuality "1"]

1. d4 Nf6 2. Bf4 g6 3. c3 Bg7 4. Nf3 0-0 5. Nbd2 d6 6. h3 c5 7. e3 Be6 8. Be2 Qb6 9. Qc1 Nc6 10. Nc4 Qd8 11. dxc5 dxc5 12. Nce5 Nxe5 13. Bxe5 Ne4 14. Bxg7 Kxg7 15. 0-0 Qb6 1/2-1/2